Państwa europy - Statystyki

Ogólne statystyki
  • Ten quiz został rozwiązany 10 razy
  • Średni wynik to 13 z 47
Odpowiedzi na mapie
Odpowiedzi zakodowano w zielono-czerwonej skali na mapie do tego quizu, zgodnie z poniższymi procentami.
 
Statystyki odpowiedzi
Odpowiedź % Poprawnych
Austria
63%
Chorwacja
63%
Albania
50%
Andora
50%
Belgia
50%
Białoruś
50%
Bośnia i
Hercegowina
50%
Bułgaria
50%
Czarnogóra
50%
Czechy
50%
Dania
50%
Finlandia
50%
Francja
50%
Grecja
50%
Hiszpania
50%
Holandia
50%
Irlandia
50%
Estonia
38%
Islandia
38%
Kazachstan
38%
Liechtenstein
38%
Litwa
38%
Litwa
38%
Łotwa
25%
Macedonia
Północna
13%
Mołdawia
13%
San Marino
13%
Serbia
13%
Słowacja
13%
Słowenia
13%
Szwajcaria
13%
Turcja
13%
Ukraina
13%
Watykan
13%
Węgry
13%
Wielka
Brytania
13%
Włochy
13%
Luksemburg
0%
Malta
0%
Monako
0%
Niemcy
0%
Norwegia
0%
Polska
0%
Portugalia
0%
Rosja
0%
Rumunia
0%
Szwecja
0%
Nie znaleziono quizów pasujących do podanych kryteriów
Rozkład punktacji
Procent ludzi z każdym wynikiem
Percentyl według liczby udzielonych odpowiedzi
Twoja historia wyników
Nie rozwiązałeś tego quizu